| 000 | 005610000a22001930004500 | ||
|---|---|---|---|
| 001 | 002692 | ||
| 003 | MACL | ||
| 005 | 20150901132439.0 | ||
| 008 | 150901b xxu||||| |||| 00| 0 eng d | ||
| 040 |
_aMACL _cMACL |
||
| 041 | _aEnglish | ||
| 082 | _a800/TER | ||
| 100 |
_aStern, Anthony _98231 |
||
| 245 |
_aMother Teresa Everything Starts from Prayer _bMother Teresa's Meditations on Spriritual Life for People of All Faiths _cAnthony Stern |
||
| 260 |
_aNew Delhi _c2001 _bFull Circle, |
||
| 350 | _a150 | ||
| 650 |
_aLiterature _98233 |
||
| 942 |
_k800 _cBK _2ddc |
||
| 999 |
_c14601 _d14601 |
||